| 000 | 00512 a2200169 4500 | ||
|---|---|---|---|
| 003 | OSt | ||
| 005 | 20231123115201.0 | ||
| 008 | 231123b |||||||| |||| 00| 0 eng d | ||
| 020 | _a9789355325556 | ||
| 040 | _coclc | ||
| 082 |
_a540 _bAGR/S |
||
| 100 |
_aAgrahari, Ravi P _99933 |
||
| 245 |
_aScience and Technology for Civil Services Preliminary and main examination / _cRavi P Agrahari |
||
| 260 |
_bMcgraw hill, _c2024. |
||
| 300 | _a634p | ||
| 942 |
_2ddc _cBK _h540 _iAGR/S _k540 _mAGR/S |
||
| 999 |
_c41865 _d41865 |
||